| 000 | 00684nab a2200229 a 4500 | ||
|---|---|---|---|
| 005 | 20210219161649.0 | ||
| 008 | 991125s1985 mx 000 0 spa u | ||
| 035 | _aUPN01000189474 | ||
| 100 | 1 | _aCollis, Betty A | |
| 222 | _aCOMUNICAR : | ||
| 222 | _bREVISTA CIENTIFICA IBEROAMERICANA DE COMUNICACION Y EDUCACION | ||
| 245 | _aFlexibilidad en la educación superior : revisión de expectativas | ||
| 260 | _aAndalucía, España | ||
| 300 | _a15-25 | ||
| 362 | 0 | _a2011 2a época, vol. 19, no. 37, oct. | |
| 653 | 0 | _aFLEXIBILIDAD | |
| 653 | 0 | _aEDUCACION SUPERIOR | |
| 653 | 0 | _aESPACIOS DE APRENDIZAJE | |
| 700 | 1 | _aMoonen, Jef, | |
| 700 | 1 | _ecoaut. | |
| 905 | _aArticulo | ||
| 999 |
_c161577 _d161577 |
||